Využitie obohatenej reality pre navigáciu na mape

Salvato in:
Dettagli Bibliografici
Autore principale: Minárik, Jakub (Autore)
Altri autori: Turský, Lukáš (Relatore della tesi)
Natura: Manoscritto Libro
Lingua:slovacco
Pubblicazione: 2016
Soggetti:
Accesso online:http://is.stuba.sk/zp/portal_zp.pl?podrobnosti=110561
Tags: Aggiungi Tag
Nessun Tag, puoi essere il primo ad aggiungerne!!

MARC

LEADER 00000ntm a22000003a 4500
001 stuzp59163
003 SK-STU
005 20160719155800.9
007 ta
008 150427s2015----xo-----f-mn---000-0-slo-d
040 |a STU  |b slo 
041 0 |a slo 
100 1 |a Minárik, Jakub  |u 070400  |4 aut  |U FIIT Fakulta informatiky a informačných technológií  |T FIIT Ústav počítačového inžinierstva a aplikovanej informatiky  |X 64056  |U I400  |Y 672  |7 64056 
242 0 1 |a Using augmented reality for navigation on map  |y eng 
245 1 0 |a Využitie obohatenej reality pre navigáciu na mape 
260 |c 2016 
650 4 |a mobilná aplikácia  |2 slo 
650 4 |a orientácia  |2 slo 
650 4 |a obohatená realita  |2 slo 
650 4 |a orientation  |2 eng 
650 4 |a mobile application  |2 eng 
650 4 |a augmented reality  |2 eng 
700 1 |a Turský, Lukáš  |u 070400  |k Z3  |4 ths  |U FIIT Fakulta informatiky a informačných technológií  |T FIIT Ústav počítačového inžinierstva a aplikovanej informatiky  |X 56335  |U I400  |Y 672  |7 A000056335 
856 4 |u http://is.stuba.sk/zp/portal_zp.pl?podrobnosti=110561 
996 |b 8093  |c I* BAP 74/2016  |l II680  |s P  |a 0  |w stuzp59163_0001 
SQL |a stuzp59163  |b DBP  |c SLO  |d Využitie obohatenej reality pre navigáciu na mape  |e 64056  |f Minárik, Jakub  |g 070400  |h 56335  |i Turský, Lukáš  |j 20160620  |k 202  |l 07  |m http://is.stuba.sk/zp/portal_zp.pl?podrobnosti=110561  |n B-INFO  |o 9.2.1. informatika